00577nam a22002177a 4500003000200000005001700002008000200019010001300021020002100034035003300055037001600088040001500104082001100119245005300130260002900183270007600212300002000288650001600308650001300324700002200337020180728134750.00 aA-794434 c00.00a818558611 aA-794434, A-794435, A-794438 bCen Lib/Ret aDPLbENc0 aSbSOU aA southern harvest /cedited by Githa Hariharan  aNew Delhi bKatha c1993 bNew Delhi abuilding centre , sarai kale khan, nizamuddin east e110013 a191p.c17cm(Hb) aLiterature  aStories  aHariharan, Githa